<?xml version="1.0" encoding="UTF-8"?>
<marc:record xmlns:marc="http://www.loc.gov/MARC21/slim">
   <marc:leader>00000nam a2200000 a 4500</marc:leader>
   <marc:datafield ind1=" " ind2=" " tag="653">
      <marc:subfield code="a">Bibelgeschichte</marc:subfield>
   </marc:datafield>
   <marc:datafield ind1=" " ind2=" " tag="653">
      <marc:subfield code="a">Weihnachten</marc:subfield>
   </marc:datafield>
   <marc:datafield ind1=" " ind2=" " tag="653">
      <marc:subfield code="a">Bilderbuch</marc:subfield>
   </marc:datafield>
   <marc:datafield ind1=" " ind2=" " tag="653">
      <marc:subfield code="a">Advent</marc:subfield>
   </marc:datafield>
   <marc:datafield ind1=" " ind2=" " tag="653">
      <marc:subfield code="a">Antolin Klasse-2</marc:subfield>
   </marc:datafield>
   <marc:datafield ind1="0" ind2="0" tag="245">
      <marc:subfield code="a">Lauf zur Krippe, kleiner Esel</marc:subfield>
   </marc:datafield>
   <marc:datafield ind1=" " ind2="1" tag="264">
      <marc:subfield code="b">Ravensburger Buchverl. [u.a.]</marc:subfield>
      <marc:subfield code="c">2004</marc:subfield>
   </marc:datafield>
   <marc:datafield ind1="1" ind2=" " tag="520">
      <marc:subfield code="a">Der kleine Esel hat sich müde und zufrieden ins Stroh gelegt, als er von einem wundersamen Sternenlicht träumte. Und am nächsten Morgen hatte er das Gefühl, er müsse auf eine lange Reise gehen, um das Sternenlicht aus dem Traum zu finden. So macht er sich auf. Ohne zu wissen wohin, aber voller Zuversicht und Neugier trabt er immer fort, besteht so manche Gefahr und findet immer wieder aus der Not auf seinen Weg zurück, den Weg zur Krippe, zu Josef und Maria mit ihrem Jesuskind.</marc:subfield>
   </marc:datafield>
   <marc:datafield ind1=" " ind2=" " tag="020">
      <marc:subfield code="a">9783473337965</marc:subfield>
      <marc:subfield code="9">9783473337965</marc:subfield>
   </marc:datafield>
</marc:record>
